000 00195 a2200097 4500
001 1621
100 _aPealfeeld, A.E
245 _aWorkshop practice
260 _a
_bE.U.P
_c
090 _c1159
_d1159
942 _aNUST-CAE
_cM
_c1769
999 _c236694
_d236694